LDR 00522naa#a2200181#i#450# 001 EN\INFRA-M\bibl\15106 005 20260415063208.3 011 ## _a2500-0527 100 ## _a20170125b2017####ek#y0engy0150####ca 101 0# _aRUS 102 ## _aRU 200 1# _aREGIONAL ASPECTS OF INVESTMENT APPEAL of the Chuvash Republic _eJournal article 210 1# _aMoscow _cINFRA-M Academic Publishing LLC. _d2017 215 ## _a4 с. 608 ## _aJournal article _2local 700 #1 _aSavchenko _gMikhail 700 #1 _aMarkov _gAleksey 856 4# _azh-szf.ru _u